[Event "IECC M1-2010.T037"]
[Site "IECC email"]
[Date "2010.05.26"]
[Round "?"]
[White "Olivier, Charles"]
[Black "Simmons, Ernest"]
[Result "0-1"]
[WhiteElo "990"]
[BlackElo "1139"]
[PlyCount "70"]
[EventDate "2010.??.??"]
[EventType "match (corr)"]
[EventRounds "2"]
[SourceTitle "Telechess CBM 149"]
[Source "ChessBase"]
[SourceDate "2012.07.17"]
[SourceVersion "1"]
[SourceVersionDate "2012.07.17"]
[SourceQuality "1"]
[WhiteTeam "France"]
[BlackTeam "US of America"]
[WhiteTeamCountry "FRA"]
[BlackTeamCountry "USA"]

1. d4 Nf6 2. Nf3 e6 3. c3 b6 4. e3 Bb7 5. Be2 Be7 6. 0-0 0-0 7. c4 Re8 8. b3 d5 9. Na3 a6 10. Bb2 Bd6 11. Nb1 c6 12. Bd3 dxc4 13. bxc4 Qc7 14. e4 Be7 15. e5 Nfd7 16. Bc1 c5 17. Be3 Nc6 18. Nc3 cxd4 19. Bxd4 Nxd4 20. Nxd4 Qxe5 21. Qg4 Qg5 22. Qh3 Nf6 23. f3 Qe3+ 24. Kh1 Qxd3 25. Nde2 Qxc4 26. Rfd1 Red8 27. Qg3 Rxd1+ 28. Rxd1 Rd8 29. Rxd8+ Bxd8 30. Qb8 Qc8 31. Qf4 Qc6 32. g4 Bc7 33. Qe3 Nxg4 34. Qe4 Nf2+ 35. Kg1 Nxe4 0-1